|
|
|
|
| LEADER |
01022nam a2200289 a 4500 |
| 001 |
3339 |
| 003 |
BD-DhAAL |
| 005 |
20150518120743.0 |
| 008 |
150518s1994 nyu 000 0 eng |
| 010 |
|
|
|a 93027282
|
| 020 |
|
|
|a 0065010604 (v. 1)
|
| 020 |
|
|
|a 0065010612 (v. 2)
|
| 040 |
|
|
|a DLC
|c DLC
|d DLC
|d BD-DhAAL
|
| 050 |
0 |
0 |
|a E178.6
|b .R45 1994
|
| 082 |
0 |
0 |
|a 973
|2 20
|
| 245 |
0 |
0 |
|a Retracing the past :
|b readings in the history of the American people /
|c editors, Gary B. Nash, Ronald Schultz.
|
| 250 |
|
|
|a 3rd ed.
|
| 260 |
|
|
|a New York :
|b HarperCollinsCollege,
|c c1994.
|
| 300 |
|
|
|a 2 v. ;
|c 24 cm.
|
| 505 |
0 |
|
|a v. 1. To 1877 -- v. 2. Since 1865.
|
| 541 |
|
|
|e 3339
|
| 651 |
|
0 |
|a United States
|x History.
|9 11156
|
| 700 |
1 |
|
|a Nash, Gary B.
|9 11157
|
| 700 |
1 |
|
|a Schultz, Ronald,
|d 1946-
|9 11158
|
| 942 |
|
|
|2 ddc
|c BK
|
| 999 |
|
|
|c 34447
|d 34447
|
| 952 |
|
|
|0 0
|1 0
|2 ddc
|4 0
|6 973_000000000000000_RET
|7 0
|9 53775
|a SCL
|b SCL
|c GEN
|d 2015-05-18
|e Gift: The Asia Foundation
|l 1
|o 973 RET
|p 3020003339
|r 2016-11-17
|s 2016-11-17
|t 1
|w 2015-05-18
|y BK
|